000 00823nam a2200229 i 4500
001 118744
003 ES-MaACL
005 20230906191152.0
007 t|
008 070214s1928 sp |||| | spa d
100 1 _aPérez-Bustamante, Ciriaco,
_d1896-1975
_990682
245 1 3 _aLa población de Nueva España en el siglo XVI /
_cpor el Dr. Ciriaco Pérez Bustamante ; con la colaboración de M. P. Lorenzana y S. González García.
260 _aSantander :
_bBoletín de la Biblioteca Menéndez y Pelayo,
_c1928.
300 _a18 p. ;
_c25 cm.
651 4 _aNueva España-
_xPoblación.
_9169570
700 1 _aLorenzana, M. P.
_974132
700 1 _aGonzález García, S.
_958659
852 _aES-MaACL
_j1752-F-17
852 _aES-MaACL
_j1726-F-5
852 _aES-MaACL
_j1737-F-23
999 _c118744
_d118744